| 000 | 00820cam a2200301 i 4500 | ||
|---|---|---|---|
| 001 | 0000868 | ||
| 003 | DO-SdBNP | ||
| 005 | 20180215115427.0 | ||
| 007 | 0000868 | ||
| 008 | 100514s 1987 sp a | |||| 000 f spa | ||
| 015 | _a | ||
| 017 |
_a _b |
||
| 020 | _a8475253989 | ||
| 035 | _a | ||
| 040 |
_aBPMSU _bspa _cBPMSU _e |
||
| 080 | _a | ||
| 100 | 1 | _aThomson, Ruth | |
| 240 | 1 |
_aOpposites / _lEspañol |
|
| 245 | 1 | 0 |
_aContrarios / _h _cRuth Thomson ; ilustración Katy Sleight ; traducción Juan Manuel Ibeas Delgado |
| 260 |
_aMadrid : _bAnaya, _c1987. |
||
| 300 |
_a[26] p.: _bil. _c24 cm. |
||
| 521 | _aA partir de 6 años. | ||
| 700 | 1 | 2 |
_aSleight, Katy _eil. |
| 700 | 1 | 2 |
_aIbeas Delgado, Juan Manuel _etrad. |
| 942 |
_2ddc _cBK |
||
| 945 | _aInventariado, 2018/MFF | ||
| 956 |
_aYLOCKWARD _810 _cBPMSU |
||
| 999 |
_c12270 _d12270 |
||